00390nam a22001337a 4500008004100000041000800041082000800049110003200057245009800089260003300187300001000220942000700230999001900237231027b |||||||| |||| 00| 0 eng d aeng bSRI aSrinivasan, Prakash9205024 aInternational Journal of Obstetrics and Gynaecology NursingbVolume No. 6 to 8 Year 2019-2021 aChennaibMcMed International a255P. cBV c356420d356420